000 00438nam a22001697a 4500
003 OSt
005 20140310182330.0
008 130313t xxu||||| |||| 00| 0 eng d
020 _a8171816878
050 _aQB 582
_b.E7813 1994
082 _aQB582.
_bE7813 2000
245 _aOur satellite--the moon
260 _aHauppauge, N.Y.
_bBarron's Educational Series
_c2000
300 _a32 p.
_c26 cm
942 _2lcc
_cBK-GS
999 _c11968
_d11968